Normal view
MARC view
- نظم التخطيط -الانتاج والعمليات
Entry Topical Term
001 - CONTROL NUMBER
- control field: 32892
003 - CONTROL NUMBER IDENTIFIER
- control field: JO-AjAnu
005 - DATE AND TIME OF LATEST TRANSACTION
- control field: 20230606075525.0
008 - FIXED-LENGTH DATA ELEMENTS
- fixed length control field: 230606|| aca||aabn | a|a d
040 ## - CATALOGING SOURCE
- Original cataloging agency: JO-AjAnu
- Transcribing agency: JO-AjAnu
150 ## - HEADING--TOPICAL TERM
- Topical term or geographic name entry element: نظم التخطيط -الانتاج والعمليات
670 ## - SOURCE DATA FOUND
- Source citation: Work cat.: (JO-AjAnu)16898: محجوب، بسمان فيصل واخرون , author 32891, نظم التخطيط والرقابة الانتاج والعمليات